| Tag |
First Indicator |
Second Indicator |
Subfields |
| LEADER |
00000cgm a2200000Ia 4500 |
| 001 |
in00002783589 |
| 005 |
20150922151741.0 |
| 007 |
vd cvaizs |
| 008 |
050727s2005 cau145 vaeng d |
| 019 |
|
|
|a 61151341
|
| 020 |
|
|
|a 0780651367
|
| 020 |
|
|
|a 9780780651364
|
| 024 |
1 |
|
|a 053939732320
|
| 028 |
4 |
0 |
|a T7323
|b Warner Home Video
|
| 035 |
|
|
|a (OCoLC)ocm61152782
|
| 035 |
|
|
|a (OCoLC)61152782
|z (OCoLC)61151341
|
| 037 |
|
|
|b Midwest Tapes
|n http://www.midwesttapes.com
|
| 040 |
|
|
|a IMD
|b eng
|c IMD
|d RCS
|d TEFMT
|d OCLCQ
|d RCS
|d BTCTA
|d OCLCQ
|d UtOrBLW
|
| 041 |
1 |
|
|a eng
|j eng
|j fre
|j spa
|
| 049 |
|
|
|a TXAM
|
| 082 |
0 |
4 |
|a 791.43/72
|2 22
|
| 090 |
|
|
|a PN1992.77.S385
|b S433 2005
|
| 130 |
0 |
|
|a Sealab 2021 (Television program).
|n Season 3.
|
| 245 |
1 |
0 |
|a Sealab 2021.
|n Season III /
|c Seventy-Thirty Productions ; Williams Street ; Cartoon Network.
|
| 246 |
3 |
|
|a Sealab twenty twenty-one
|
| 246 |
3 |
|
|a Sealab 2021.
|n Season 3
|
| 264 |
|
1 |
|a Burbank, CA :
|b Warner Home Video,
|c [2005]
|
| 264 |
|
4 |
|c ©2005
|
| 300 |
|
|
|a 2 videodiscs (145 min.) :
|b sound, color ;
|c 4 3/4 in.
|
| 336 |
|
|
|a two-dimensional moving image
|b tdi
|2 rdacontent
|
| 337 |
|
|
|a video
|b v
|2 rdamedia
|
| 338 |
|
|
|a videodisc
|b vd
|2 rdacarrier
|
| 538 |
|
|
|a DVD; region 1; full screen presentation; Dolby 2.0 stereo.
|
| 546 |
|
|
|a Subtitles in English, French, and Spanish; closed-captioned.
|
| 500 |
|
|
|a Title from container.
|
| 508 |
|
|
|a Created by Matt Thompson and Adam Reed.
|
| 500 |
|
|
|a Originally produced as thirteen episodes of the 2001-2004 animated television series shown on the Cartoon Network's Adult Swim.
|
| 500 |
|
|
|a Based on Sealab 2020, the 1972 animated series and manipulated with added humorous, adult content.
|
| 521 |
8 |
|
|a MPAA rating: Not rated ; "Some Adult Swim content may not be recommended for viewers younger than age 14"--Container.
|
| 520 |
|
|
|a The crew of Sealab, charged with exploring the possibility of underwater colonization, find themselves in one ridiculous situation after another.
|
| 505 |
0 |
0 |
|g disc 1.
|t Tourist season --
|t Red dawn --
|t Meet Beck Bristow --
|t I robot, really --
|t Frozen dinner --
|t Splitsville --
|t Tornado shanks --
|t ASHDTV --
|t Chalkboard jungle --
|g disc 2.
|t Dearly beloved seed --
|t Craptastic voyage --
|t Let 'em eat corn --
|t Neptunati.
|
| 500 |
|
|
|a Special features: The Gert pilot; Kitty Fun-Fun; Stormy Writers, pundit; show commentaries; plus two unaired episodes, Dearly beloved and Quinnmas.
|
| 500 |
|
|
|a Videorecording.
|
| 650 |
|
0 |
|a Ocean engineering
|v Drama.
|
| 650 |
|
0 |
|a Oceanography
|v Drama.
|
| 650 |
|
0 |
|a Underwater exploration
|v Drama.
|
| 655 |
|
7 |
|a Animated television programs.
|2 lcgft
|
| 655 |
|
7 |
|a Television comedies.
|2 lcgft
|
| 655 |
|
7 |
|a Fiction television programs.
|2 lcgft
|
| 655 |
|
7 |
|a Video recordings for the hearing impaired.
|2 lcgft
|
| 700 |
1 |
|
|a Reed, Adam
|q (Adam Brooks)
|
| 710 |
1 |
|
|a Thompson, Matt.
|
| 710 |
2 |
|
|a Seventy-Thirty Productions.
|
| 710 |
2 |
|
|a Williams Street (Firm)
|
| 710 |
2 |
|
|a Cartoon Network (Television network)
|
| 710 |
2 |
|
|a Adult Swim (Firm)
|
| 710 |
2 |
|
|a Warner Home Video (Firm)
|
| 994 |
|
|
|a C0
|b TXA
|
| 948 |
|
|
|a cataloged
|b h
|c 2012/12/4
|d c
|e blrosas
|f 1:33:54 pm
|
| 999 |
|
|
|a MARS
|
| 999 |
f |
f |
|s 62c6f141-1a35-3261-8fce-12534a431b25
|i 050915da-ee09-3d0e-971b-b52f64168064
|t 0
|
| 952 |
f |
f |
|p dvd
|a Texas A&M University
|b College Station
|c Sterling C. Evans Library
|d Evans: Media and Reserves (Annex 1st floor)
|t 0
|e PN1992.77.S385 S433 2005
|h Library of Congress classification
|i video -- videodisc
|m A14841626600
|
| 998 |
f |
f |
|a PN1992.77.S385 S433 2005
|t 0
|l Evans: Media and Reserves (Annex 1st floor)
|